header

The earth mother (Record no. 82218)

MARC details
000 -LEADER
fixed length control field 00997nam a2200265Ia 4500
100 1# - MAIN ENTRY--AUTHOR NAME
Personal name Langmia, Kehbuma.
245 14 - TITLE STATEMENT
Title The earth mother
260 ## - PUBLICATION, DISTRIBUTION, ETC. (IMPRINT)
Place of publication Cameroon :
Name of publisher Langaa RPCIG,
Year of publication 2010.
300 ## - PHYSICAL DESCRIPTION
Number of Pages xi, 55 p.
650 #0 - SUBJECT ADDED ENTRY--TOPICAL TERM
Topical Term Cameroonian drama (English)
Topical Term Cameroonian literature (English)
856 40 - ELECTRONIC LOCATION AND ACCESS
Uniform Resource Identifier http://site.ebrary.com/lib/rucke/Doc?id=10405189

No items available.

© 2026 Rongo University
Contact us: librarian | system librarian | Rongo university